| 000 | 01469nam a2200373 i 4500 | ||
|---|---|---|---|
| 999 |
_c5435 _d5435 |
||
| 003 | OSt | ||
| 005 | 20250918093820.0 | ||
| 008 | 160113s2008 nyua e 000 f eng d | ||
| 020 | _a9780194789042 | ||
| 040 |
_aCaNSH _beng _cCaNSH _dCaOL _dKH8 _erda |
||
| 082 | _a428.6 VIC | ||
| 100 | 1 |
_aVicary, Tim, _d1949- _eauthor. |
|
| 245 | 1 | 4 |
_aThe elephant man / _cTim Vicary. |
| 250 | _aSimplified edition. | ||
| 264 | 1 |
_aNew York : _bOxford University Press, _c[2008] |
|
| 300 |
_a56 pages : _billustrations ; _c20 cm. |
||
| 336 |
_atext _2rdacontent. |
||
| 337 |
_aunmediated _2rdamedia. |
||
| 338 |
_avolume _2rdacarrier. |
||
| 490 | 1 | _aOxford bookworms library. True stories, Stage 1. | |
| 500 | _a"First published in Oxford Bookworms 1989. --Back of title page. | ||
| 500 | _aIncludes glossary and related activities. | ||
| 520 | _aA fictional account based on the life of Joseph Merrick, known as the Elephant Man. The true and tragic story of a man who finds a friend for the first time in his life. | ||
| 650 | 0 |
_aNeurofibromatosis _xPatients _vFiction. |
|
| 650 | 0 |
_aAbnormalities, Human _vFiction. |
|
| 650 | 0 |
_aPeople with disabilities _vFiction. |
|
| 650 | 0 |
_aHigh interest-low vocabulary books. _2genre. |
|
| 650 | 0 |
_aReaders (Adult) _2genre. |
|
| 650 | 0 |
_aReaders for new literates. _2genre. |
|
| 651 | 0 |
_aWessex (England) _vFiction. |
|
| 651 | 0 |
_aEngland _vFiction. |
|
| 830 | 0 |
_aOxford bookworms library. _pTrue stories. _nStage 1. |
|
| 942 |
_2ddc _cTR |
||